000
00323nam a2200133Ia 4500
005
20251222144907.0
008
251222s9999||||xx |||||||||||||| ||spa||
020
_a
84-453-1413-0
082
_a
709.467/P43
100
_a
Perejaume
245
0
_a
Tres Dibujos
264
_b
Centro Galego de Arte Contemporáneo
942
_c
LIB
999
_c
22187
_d
22187